000 00907nam a2200217 4500
010 _aA-235794
020 _a9230020583
035 _aA-235794
037 _bCen Lib / Ret
040 _aDPL
_bEN
082 _a305
_bWOR
245 _aWorld list of social science periodicals = Liste mondiale des périodiques spécialisés dans les sciences sociales = Lista mundial de revistas especializadas en ciencias sociales
_cby UNESCO
250 _a6th ed
260 _aParis
_bUnited Nations Educationaal Scientific and Cultural Organizaiton
_c1983
270 _aUnited Nations Educationaal Scientific and Cultural Organizaiton
_bParis
300 _a446p ;
_b24cm(Hb)
490 _aWorld social science information directories,
650 _aSocial sciences -- Periodicals -- Bibliography.
650 _a Social sciences -- Periodicals. View all subjects
942 _2ddc
_cEN
_h305
_mWOR
999 _c136680
_d136680